[Event "Mecklenburg VP LL2 West 2223"]
[Site "Mecklenburg VP"]
[Date "2022.12.11"]
[Round "4.1"]
[White "Hertel Mach, Frank"]
[Black "Wolke, Heiko"]
[Result "1/2-1/2"]
[WhiteElo "1885"]
[BlackElo "2036"]
[PlyCount "115"]
[EventDate "2022.10.23"]
[EventType "team-tourn"]
[EventRounds "9"]
[EventCountry "GER"]
[SourceTitle "EXT 2024"]
[Source "ChessBase"]
[SourceDate "2023.10.10"]
[SourceVersion "1"]
[SourceVersionDate "2023.10.10"]
[SourceQuality "1"]
[WhiteTeam "Parchim SV Blau-Weiss 69"]
[BlackTeam "Rostock Uni"]
[WhiteTeamCountry "GER"]
[BlackTeamCountry "GER"]

1. e4 c6 2. d4 d5 3. Nc3 dxe4 4. Nxe4 Nf6 5. Nxf6+ exf6 6. Nf3 Bd6 7. Be3 0-0 8. Be2 f5 9. Qd2 Qc7 10. g3 Nd7 11. 0-0-0 Nf6 12. Ne1 b5 13. Nd3 Be6 14. Kb1 Rfd8 15. Bf4 Ne4 16. Qe1 a5 17. f3 Nf6 18. Bxd6 Rxd6 19. Nc5 Rad8 20. Qf2 a4 21. h3 a3 22. b3 Nd5 23. Rd3 f4 24. Rhd1 Bf5 25. Ne4 Re6 26. g4 Bxe4 27. fxe4 Rxe4 28. Bf3 Re6 29. Qd2 Ne3 30. Rc1 Qd6 31. c4 bxc4 32. bxc4 Rb8+ 33. Rb3 Ree8 34. Rcc3 Rb4 35. Be2 Reb8 36. Ka1 g6 37. Qd3 Rxb3 38. axb3 Rd8 39. Ka2 Qxd4 40. Qxd4 Rxd4 41. Kxa3 Rd2 42. Bf3 c5 43. Ka4 Rh2 44. Kb5 Rxh3 45. Ba8 h5 46. g5 Rg3 47. Kxc5 h4 48. b4 Rg1 49. Kd4 Rb1 50. b5 h3 51. Ke4 Nxc4 52. Rxc4 Rxb5 53. Kxf4 h2 54. Rc1 Ra5 55. Be4 Ra3 56. Rh1 Rh3 57. Bf3 Kg7 58. Bg4 1/2-1/2

[Event "Mecklenburg VP VL1819"]
[Site "Mecklenburg VP"]
[Date "2019.03.24"]
[Round "8.1"]
[White "Schmekel, Florian"]
[Black "Wolke, Heiko"]
[Result "1/2-1/2"]
[WhiteElo "2016"]
[BlackElo "1961"]
[PlyCount "101"]
[EventDate "2018.10.21"]
[EventType "team-tourn"]
[EventRounds "9"]
[EventCountry "GER"]
[SourceTitle "EXT 2022"]
[Source "ChessBase"]
[SourceDate "2021.10.06"]
[SourceVersion "1"]
[SourceVersionDate "2021.10.06"]
[SourceQuality "1"]
[WhiteTeam "Torgelow Droegeheide"]
[BlackTeam "Warnemuende SF Ostsee"]
[WhiteTeamCountry "GER"]
[BlackTeamCountry "GER"]

1. d4 Nf6 2. c4 c5 3. d5 e6 4. Nc3 exd5 5. cxd5 d6 6. Nf3 Be7 7. Nd2 0-0 8. e4 Nbd7 9. Be2 a6 10. a4 Ne5 11. f4 Ng6 12. 0-0 Rb8 13. a5 b5 14. axb6 Rxb6 15. Nc4 Rb4 16. e5 Ne8 17. Na2 Rb8 18. Bd2 dxe5 19. Ba5 Qd7 20. fxe5 Bg5 21. Nc3 Bf4 22. Bd3 Bxe5 23. Nxe5 Nxe5 24. Bxh7+ Kxh7 25. Qh5+ Kg8 26. Qxe5 Rxb2 27. Ne4 Qb5 28. Bc3 Re2 29. Rae1 Rxe1 30. Rxe1 Qb6 31. d6 c4+ 32. Kh1 Qb5 33. Qd4 Bd7 34. Nc5 Nf6 35. Nxd7 Qxd7 36. Qb6 Re8 37. Qxa6 Rxe1+ 38. Bxe1 Qe6 39. Bg3 Qe2 40. Qa1 Qd3 41. Be5 Ne4 42. d7 c3 43. h3 c2 44. Kh2 Kh7 45. Qe1 c1Q 46. Qh4+ Qh6 47. d8Q Qxd8 48. Qxd8 f5 49. Qf8 Qg5 50. Qf7 Nd2 51. Kh1 1/2-1/2

[Event "Mecklenburg VP VL 1718"]
[Site "Mecklenburg VP"]
[Date "2017.11.12"]
[Round "2.1"]
[White "Schreiber, Kevin"]
[Black "Wolke, Heiko"]
[Result "1-0"]
[WhiteElo "2086"]
[BlackElo "1988"]
[PlyCount "41"]
[EventDate "2017.10.08"]
[EventType "team-tourn"]
[EventRounds "9"]
[EventCountry "GER"]
[SourceTitle "EXT 2022"]
[Source "ChessBase"]
[SourceDate "2021.10.06"]
[SourceVersion "1"]
[SourceVersionDate "2021.10.06"]
[SourceQuality "1"]
[WhiteTeam "Schwerin SF II"]
[BlackTeam "Warnemuende SF Ostsee"]
[WhiteTeamCountry "GER"]
[BlackTeamCountry "GER"]

1. Nf3 Nf6 2. g3 d5 3. Bg2 Nc6 4. d4 Bg4 5. 0-0 e6 6. Ne5 Nxe5 7. dxe5 Nd7 8. c4 c6 9. cxd5 exd5 10. Qa4 Bxe2 11. Re1 Bb5 12. Qg4 Qa5 13. Bd2 Qa4 14. Qf3 Nc5 15. Nc3 Qc4 16. Bf1 Qd4 17. Be3 Qb4 18. Bxb5 Qxb2 19. Nxd5 0-0-0 20. Bxc6 bxc6 21. Ne7+ 1-0

[Event "Mecklenburg VP LL 1617"]
[Site "Mecklenburg VP"]
[Date "2016.12.04"]
[Round "4.3"]
[White "Wolke, Heiko"]
[Black "Sowada, Christoph"]
[Result "1-0"]
[WhiteElo "1964"]
[BlackElo "1919"]
[PlyCount "120"]
[EventDate "2016.10.16"]
[EventType "team-tourn"]
[EventRounds "9"]
[EventCountry "GER"]
[SourceTitle "EXT 2022"]
[Source "ChessBase"]
[SourceDate "2021.10.06"]
[SourceVersion "1"]
[SourceVersionDate "2021.10.06"]
[SourceQuality "1"]
[WhiteTeam "Warnemuende SF Ostsee"]
[BlackTeam "Greifswald II"]
[WhiteTeamCountry "GER"]
[BlackTeamCountry "GER"]

1. e4 e5 2. Nf3 Nc6 3. d4 exd4 4. c3 d5 5. exd5 Qxd5 6. cxd4 Bg4 7. Be2 Bb4+ 8. Nc3 Bxf3 9. Bxf3 Qc4 10. Bxc6+ bxc6 11. Qe2+ Qxe2+ 12. Kxe2 0-0-0 13. Rd1 Ne7 14. Be3 Rhe8 15. Rd3 Nf5 16. Rad1 c5 17. Kf3 Nh4+ 18. Kg3 Nf5+ 19. Kf3 Nh4+ 20. Kg3 Nf5+ 21. Kf4 Nxd4 22. Bxd4 cxd4 23. Nb5 Bc5 24. Kf3 Re6 25. Nxd4 Bxd4 26. Rxd4 Rf6+ 27. Kg3 Rg6+ 28. Kf3 Rf6+ 29. Ke2 Re6+ 30. Kf1 Rde8 31. R4d2 R6e7 32. f3 f5 33. Kf2 g6 34. Rc1 Re6 35. Rc5 R8e7 36. Rdc2 Kb7 37. g3 Kb6 38. h4 Kb7 39. h5 Kb6 40. hxg6 hxg6 41. R5c4 Kb7 42. g4 Rf7 43. gxf5 gxf5 44. Kg3 c6 45. Kf4 Kc7 46. Rc5 Ref6 47. Ra5 Kb6 48. Re5 Rd6 49. Rxf5 Rd4+ 50. Kg5 Rc7 51. Rf6 Kb5 52. f4 Rd5+ 53. f5 Rd1 54. Re6 Rg1+ 55. Kf6 Rf1 56. Ree2 c5 57. Rf2 Rg1 58. Ke6 Re1+ 59. Rce2 Rh1 60. f6 Rh6 1-0

[Event "Mecklenburg VP VL 1516"]
[Site "Mecklenburg VP"]
[Date "2016.04.24"]
[Round "9.2"]
[White "Wolke, Heiko"]
[Black "Stoevesand, Peter"]
[Result "0-1"]
[WhiteElo "1961"]
[BlackElo "1864"]
[PlyCount "106"]
[EventDate "2015.09.20"]
[EventType "team-tourn"]
[EventRounds "9"]
[EventCountry "GER"]
[SourceTitle "EXT 2022"]
[Source "ChessBase"]
[SourceDate "2021.10.06"]
[SourceVersion "1"]
[SourceVersionDate "2021.10.06"]
[SourceQuality "1"]
[WhiteTeam "Warnemuende SF Ostsee"]
[BlackTeam "Neubrandenburg SG Eintracht"]
[WhiteTeamCountry "GER"]
[BlackTeamCountry "GER"]

1. e4 e5 2. Nf3 Nc6 3. d4 exd4 4. c3 dxc3 5. Bc4 d6 6. Nxc3 Be6 7. Bxe6 fxe6 8. Qb3 Qd7 9. Qxb7 Rb8 10. Qa6 Nh6 11. 0-0 Nf7 12. Be3 Be7 13. Nd4 Nxd4 14. Bxd4 c5 15. Be3 0-0 16. Rad1 Rxb2 17. Bxc5 Qc8 18. Qxc8 Rxc8 19. Ba3 Rb6 20. Rc1 Ne5 21. Nd5 Rxc1 22. Nxe7+ Kf7 23. Rxc1 Kxe7 24. f4 Nd3 25. Rd1 Nxf4 26. e5 Ne2+ 27. Kf1 Nc3 28. Bxd6+ Kf7 29. Rc1 Nd5 30. a3 a6 31. Ke2 Kg6 32. Rc2 Kf5 33. h3 Rb3 34. g4+ Kg5 35. Rc6 Rb6 36. Be7+ Kf4 37. Rxb6 Nxb6 38. Bf8 g6 39. Bh6+ Kg3 40. Kd3 Kxh3 41. g5 Kg4 42. Kd4 Nd7 43. Ke4 a5 44. Kd4 Kf4 45. Kc4 Nxe5+ 46. Kb5 Nf7 47. Bg7 Nxg5 48. Kxa5 h5 49. Bd4 h4 50. Kb5 Nf3 51. Bc5 h3 52. a4 h2 53. Bd6+ e5 0-1

[Event "Mecklenburg VP VL 1516"]
[Site "Mecklenburg VP"]
[Date "2016.04.10"]
[Round "8.2"]
[White "Kliewe, Hans Juergen"]
[Black "Wolke, Heiko"]
[Result "1/2-1/2"]
[WhiteElo "1964"]
[BlackElo "1961"]
[PlyCount "79"]
[EventDate "2015.09.20"]
[EventType "team-tourn"]
[EventRounds "9"]
[EventCountry "GER"]
[SourceTitle "EXT 2022"]
[Source "ChessBase"]
[SourceDate "2021.10.06"]
[SourceVersion "1"]
[SourceVersionDate "2021.10.06"]
[SourceQuality "1"]
[WhiteTeam "Wismar ASV Gruen-Weiss"]
[BlackTeam "Warnemuende SF Ostsee"]
[WhiteTeamCountry "GER"]
[BlackTeamCountry "GER"]

1. d4 Nf6 2. Nf3 e6 3. Bf4 c5 4. e3 Nc6 5. c3 Be7 6. h3 0-0 7. Bd3 d5 8. 0-0 b6 9. Nbd2 Bb7 10. Ne5 Rc8 11. Ndf3 Ne4 12. Nxc6 Bxc6 13. Ba6 Ra8 14. Ne5 Qe8 15. Nxc6 Qxc6 16. Bd3 c4 17. Bc2 Bd6 18. Qg4 f5 19. Qh4 Bxf4 20. Qxf4 Qd6 21. Rfe1 g5 22. Qxd6 Nxd6 23. f3 h6 24. e4 fxe4 25. fxe4 dxe4 26. Bxe4 Nxe4 27. Rxe4 Rf6 28. Rae1 Kf7 29. Re5 Rd8 30. Rb5 Rf5 31. Rf1 Kf6 32. a4 Rd6 33. g4 Rxf1+ 34. Kxf1 a6 35. Re5 Rd5 36. Rxd5 exd5 37. Ke2 Ke6 38. Kd2 Kd6 39. Kc2 Kc6 40. b4 1/2-1/2

[Event "Mecklenburg VP VL 1516"]
[Site "Mecklenburg VP"]
[Date "2016.01.17"]
[Round "5.2"]
[White "Wolke, Heiko"]
[Black "Dettmann, Gerd"]
[Result "1-0"]
[WhiteElo "1961"]
[BlackElo "2081"]
[PlyCount "133"]
[EventDate "2015.09.20"]
[EventType "team-tourn"]
[EventRounds "9"]
[EventCountry "GER"]
[SourceTitle "EXT 2022"]
[Source "ChessBase"]
[SourceDate "2021.10.06"]
[SourceVersion "1"]
[SourceVersionDate "2021.10.06"]
[SourceQuality "1"]
[WhiteTeam "Warnemuende SF Ostsee"]
[BlackTeam "Guestrow/Teterow"]
[WhiteTeamCountry "GER"]
[BlackTeamCountry "GER"]

1. e4 c5 2. Nf3 e6 3. c3 d5 4. exd5 exd5 5. d4 Nc6 6. Bf4 Nf6 7. Be2 Be7 8. 0-0 0-0 9. Nbd2 Bg4 10. a3 Re8 11. Re1 Qb6 12. Qb3 Qxb3 13. Nxb3 c4 14. Nbd2 h6 15. Ne5 Bf5 16. b4 a5 17. Bf3 axb4 18. axb4 Kf8 19. Nxc6 bxc6 20. Nxc4 dxc4 21. Bxc6 Rxa1 22. Rxa1 Bd7 23. Bf3 g5 24. Be5 Ng4 25. Bc7 f5 26. h3 Nf6 27. Be5 Ne4 28. Ra6 Nxc3 29. Rxh6 g4 30. hxg4 fxg4 31. Bb7 Kf7 32. f3 Bxb4 33. Rh7+ Ke6 34. fxg4 Bf8 35. Rh3 Nd5 36. Rf3 Be7 37. Rh3 Nf6 38. Rh6 Kf7 39. g5 Bf5 40. gxf6 Bb4 41. Bd5+ Be6 42. Be4 Rg8 43. Rh7+ Kf8 44. Rg7 c3 45. Rxg8+ Bxg8 46. Bc2 Be6 47. Kf2 Kf7 48. Ke2 Bg4+ 49. Ke1 Ke6 50. g3 Bf3 51. Kf2 Bg4 52. Bb3+ Kd7 53. Bf4 Bf5 54. Kf3 c2 55. Bc1 Bf8 56. g4 Bg6 57. Kf4 Bh6+ 58. g5 Bf8 59. Ke3 Bd6 60. Bd5 Bg3 61. Be4 Bh4 62. Kd3 Bxe4+ 63. Kxe4 Ke6 64. d5+ Kd7 65. Kf5 Ke8 66. Ke6 Be1 67. f7+ 1-0

[Event "Mecklenburg VP VL 1516"]
[Site "Mecklenburg VP"]
[Date "2015.11.15"]
[Round "3.2"]
[White "Wolke, Heiko"]
[Black "Ehlers, Michael2222"]
[Result "1-0"]
[WhiteElo "1961"]
[BlackElo "1945"]
[PlyCount "95"]
[EventDate "2015.09.20"]
[EventType "team-tourn"]
[EventRounds "9"]
[EventCountry "GER"]
[SourceTitle "EXT 2022"]
[Source "ChessBase"]
[SourceDate "2021.10.06"]
[SourceVersion "1"]
[SourceVersionDate "2021.10.06"]
[SourceQuality "1"]
[WhiteTeam "Warnemuende SF Ostsee"]
[BlackTeam "Torgelow Droegeheide"]
[WhiteTeamCountry "GER"]
[BlackTeamCountry "GER"]

1. e4 c5 2. Nf3 d6 3. Bc4 Nc6 4. 0-0 g6 5. c3 Nf6 6. Re1 Bg7 7. d4 cxd4 8. Nxd4 0-0 9. Nd2 Ne5 10. Be2 a6 11. h3 Nfd7 12. N4f3 b5 13. a4 bxa4 14. Nxe5 Bxe5 15. Nc4 Bg7 16. Bf3 Rb8 17. Rxa4 Nc5 18. Ra3 Be6 19. Ne3 Bb3 20. Qe2 Qd7 21. Nc2 Rfc8 22. Nd4 Ba4 23. b4 Bxd4 24. cxd4 Nb3 25. Qb2 Rxb4 26. d5 Rcb8 27. Bh6 Nd4 28. Qc3 Nxf3+ 29. Qxf3 f6 30. Raa1 Rc4 31. h4 Rb3 32. Qe2 Bb5 33. Qd2 Rbc3 34. h5 Qg4 35. hxg6 hxg6 36. Ra2 g5 37. e5 fxe5 38. Bxg5 Kg7 39. Bxe7 Rb3 40. Bxd6 e4 41. Bg3 Rd3 42. Qb2+ Kf7 43. Qe5 Rcd4 44. Qc7+ Ke8 45. Rae2 Rxg3 46. fxg3 Rd1 47. Qe5+ Kd8 48. Rxe4 1-0

[Event "Mecklenburg VP VL 1516"]
[Site "Mecklenburg VP"]
[Date "2015.09.20"]
[Round "1.2"]
[White "Hubert, Peter"]
[Black "Wolke, Heiko"]
[Result "1-0"]
[WhiteElo "1986"]
[BlackElo "1961"]
[PlyCount "58"]
[EventDate "2015.09.20"]
[EventType "team-tourn"]
[EventRounds "9"]
[EventCountry "GER"]
[SourceTitle "EXT 2022"]
[Source "ChessBase"]
[SourceDate "2021.10.06"]
[SourceVersion "1"]
[SourceVersionDate "2021.10.06"]
[SourceQuality "1"]
[WhiteTeam "Stralsund FHSG"]
[BlackTeam "Warnemuende SF Ostsee"]
[WhiteTeamCountry "GER"]
[BlackTeamCountry "GER"]

1. c4 Nf6 2. Nc3 e5 3. Nf3 e4 4. Ng5 b5 5. Qc2 bxc4 6. Ngxe4 Bb7 7. e3 Nxe4 8. Nxe4 d5 9. Ng3 Nc6 10. a3 Be7 11. d3 cxd3 12. Bxd3 Ne5 13. Bb5+ c6 14. Be2 Bf6 15. 0-0 0-0 16. Rb1 a5 17. Rd1 Qb6 18. b4 axb4 19. Rxb4 Qa7 20. Nh5 Nd7 21. Bb2 c5 22. Rg4 d4 23. exd4 Qb6 24. Nxf6+ Nxf6 25. dxc5 Qe6 26. Rd6 Be4 27. Rxe6 Bxc2 28. Rxf6 Rab8 29. Rb6 Bg6 1-0

[Event "Mecklenburg VP VL 1415"]
[Site "Mecklenburg VP"]
[Date "2015.04.26"]
[Round "9.4"]
[White "Wolke, Heiko"]
[Black "Wecke, Thoralf"]
[Result "1/2-1/2"]
[WhiteElo "1950"]
[BlackElo "1909"]
[PlyCount "20"]
[EventDate "2014.09.21"]
[EventType "team-tourn"]
[EventRounds "9"]
[EventCountry "GER"]
[SourceTitle "EXT 2022"]
[Source "ChessBase"]
[SourceDate "2021.10.06"]
[SourceVersion "1"]
[SourceVersionDate "2021.10.06"]
[SourceQuality "1"]
[WhiteTeam "Warnemuende SF Ostsee"]
[BlackTeam "Grevesmuehlen Blau Weiss"]
[WhiteTeamCountry "GER"]
[BlackTeamCountry "GER"]

1. Nf3 d6 2. e4 Nf6 3. d3 c6 4. Be2 e5 5. 0-0 Be7 6. c4 Nbd7 7. Nc3 0-0 8. d4 a5 9. Qc2 Re8 10. dxe5 dxe5 1/2-1/2

[Event "Mecklenburg VP VL 1314"]
[Site "Mecklenburg VP"]
[Date "2013.11.10"]
[Round "2.5"]
[White "Lehmann, Ruben"]
[Black "Wolke, Heiko"]
[Result "1-0"]
[WhiteElo "1875"]
[BlackElo "1910"]
[PlyCount "55"]
[EventDate "2013.10.20"]
[EventType "team-tourn"]
[EventRounds "9"]
[EventCountry "GER"]
[SourceTitle "EXT 2022"]
[Source "ChessBase"]
[SourceDate "2021.10.06"]
[SourceVersion "1"]
[SourceVersionDate "2021.10.06"]
[SourceQuality "1"]
[WhiteTeam "Torgelow Droegeheide"]
[BlackTeam "Warnemuende SF Ostsee"]
[WhiteTeamCountry "GER"]
[BlackTeamCountry "GER"]

1. d4 c5 2. d5 e6 3. c4 exd5 4. cxd5 d6 5. Nc3 Nf6 6. e4 Be7 7. Bd3 0-0 8. h3 a6 9. a4 Nbd7 10. Nf3 Rb8 11. 0-0 b5 12. axb5 axb5 13. Nxb5 Nxe4 14. Na7 f5 15. Nc6 Qe8 16. Nxb8 Nxb8 17. Re1 Qg6 18. Qc2 Bf6 19. Bf4 Re8 20. Nd2 Nxd2 21. Bxd2 Rf8 22. Bf4 Bd4 23. Rac1 Qf6 24. b4 Qh4 25. Bxd6 Na6 26. Bxa6 Bxa6 27. Bxf8 f4 28. Bxc5 1-0

[Event "Mecklenburg VP VL 1112"]
[Site "Mecklenburg VP"]
[Date "2011.10.23"]
[Round "2.3"]
[White "Wolke, Heiko"]
[Black "Siegert, Gregor"]
[Result "1/2-1/2"]
[WhiteElo "1912"]
[BlackElo "1872"]
[PlyCount "44"]
[EventDate "2011.10.02"]
[EventType "team-tourn"]
[EventRounds "9"]
[EventCountry "GER"]
[SourceTitle "EXT 2022"]
[Source "ChessBase"]
[SourceDate "2021.10.06"]
[SourceVersion "1"]
[SourceVersionDate "2021.10.06"]
[SourceQuality "1"]
[WhiteTeam "Warnemuende SF Ostsee"]
[BlackTeam "Schwerin SF"]
[WhiteTeamCountry "GER"]
[BlackTeamCountry "GER"]

1. e4 c5 2. Nf3 e6 3. c3 d5 4. exd5 Qxd5 5. d4 Nf6 6. Be2 Nc6 7. 0-0 cxd4 8. cxd4 Be7 9. Nc3 Qd8 10. a3 0-0 11. b4 a6 12. b5 axb5 13. Bxb5 Nd5 14. Ne4 f5 15. Bxc6 fxe4 16. Bxd5 exd5 17. Ne5 Qb6 18. a4 Bf6 19. Ba3 Re8 20. Qh5 Qe6 21. Bb2 Bd7 22. a5 Bb5 1/2-1/2

[Event "Mecklenburg VP LL 0910"]
[Site "Mecklenburg VP"]
[Date "2010.02.28"]
[Round "7.3"]
[White "Hubert, Peter"]
[Black "Wolke, Heiko"]
[Result "1-0"]
[WhiteElo "1969"]
[BlackElo "1978"]
[PlyCount "131"]
[EventDate "2009.10.18"]
[EventType "team-tourn"]
[EventRounds "9"]
[EventCountry "GER"]
[SourceTitle "EXT 2016"]
[Source "ChessBase"]
[SourceDate "2015.10.08"]
[SourceVersion "1"]
[SourceVersionDate "2015.10.08"]
[SourceQuality "1"]
[WhiteTeam "Stralsund FHSG"]
[BlackTeam "Warnemuende SF Ostsee"]
[WhiteTeamCountry "GER"]
[BlackTeamCountry "GER"]

1. Nf3 d5 2. g3 Nf6 3. Bg2 Nc6 4. 0-0 e5 5. d3 Be7 6. Nbd2 0-0 7. e4 dxe4 8. dxe4 Be6 9. c3 Qd3 10. Ne1 Qd7 11. Qe2 Bh3 12. Ndf3 Bxg2 13. Nxg2 Rad8 14. Bg5 Qd3 15. Rfe1 Qxe2 16. Rxe2 Rd3 17. Bxf6 Bxf6 18. Ne3 Rfd8 19. Kg2 R8d7 20. Nd5 Ne7 21. Ne1 R3xd5 22. exd5 Rxd5 23. Nf3 Kf8 24. Rae1 Nc6 25. h4 g6 26. Rd2 Rxd2 27. Nxd2 Bg7 28. Ne4 b6 29. h5 Ke7 30. h6 Bxh6 31. Rh1 Bg7 32. Rxh7 Kf8 33. Kf1 Ne7 34. Ke2 Nf5 35. Rh1 Ke7 36. Rd1 Nh6 37. Nd2 Bf6 38. Nc4 Ke6 39. Ne3 c6 40. Nc2 a5 41. Ne3 b5 42. a4 Nf5 43. Ra1 Bd8 44. Nxf5 gxf5 45. b3 Bb6 46. Rh1 Bc5 47. Rh8 bxa4 48. bxa4 Kd5 49. Rh4 f6 50. Rh5 Ke6 51. f3 Bd6 52. Kd3 Bc5 53. Rh8 Bf2 54. Ra8 e4+ 55. fxe4 fxe4+ 56. Kxe4 Bxg3 57. Rxa5 Be1 58. Kd3 Bf2 59. Rh5 f5 60. Rh6+ Kd5 61. Rf6 Ke5 62. Rxc6 f4 63. a5 f3 64. a6 Ba7 65. Rc7 f2 66. Ke2 1-0

[Event "Mecklenburg VP LL 0910"]
[Site "Mecklenburg VP"]
[Date "2010.01.24"]
[Round "5.3"]
[White "Boehme, Andy"]
[Black "Wolke, Heiko"]
[Result "1-0"]
[WhiteElo "1995"]
[BlackElo "1978"]
[PlyCount "125"]
[EventDate "2009.10.18"]
[EventType "team-tourn"]
[EventRounds "9"]
[EventCountry "GER"]
[SourceTitle "EXT 2016"]
[Source "ChessBase"]
[SourceDate "2015.10.08"]
[SourceVersion "1"]
[SourceVersionDate "2015.10.08"]
[SourceQuality "1"]
[WhiteTeam "Grevesmuehlen Blau Weiss"]
[BlackTeam "Warnemuende SF Ostsee"]
[WhiteTeamCountry "GER"]
[BlackTeamCountry "GER"]

1. Nf3 Nf6 2. c4 e6 3. g3 Be7 4. Bg2 0-0 5. 0-0 d5 6. b3 c5 7. d3 Nc6 8. Nbd2 Ng4 9. h3 Bf6 10. Rb1 Nh6 11. g4 Kh8 12. Re1 Bc3 13. Bb2 Bxb2 14. Rxb2 f5 15. g5 Nf7 16. h4 h6 17. cxd5 exd5 18. Qc1 Qd6 19. Nf1 Be6 20. Ng3 f4 21. Nh5 hxg5 22. hxg5 Nfe5 23. Nh2 Ng4 24. Nf3 Nce5 25. d4 cxd4 26. Nxd4 f3 27. exf3 Nd3 28. Qd2 Qh2+ 29. Kf1 Nxe1 30. Qxe1 Qxh5 31. Nxe6 Nh2+ 32. Kg1 Nxf3+ 33. Bxf3 Rxf3 34. Qe5 Qf7 35. Re2 Rf5 36. Qh2+ Kg8 37. f4 Rc8 38. Qf2 Rc1+ 39. Kg2 d4 40. Qxd4 Rc8 41. Kg3 a6 42. Kg4 Rb5 43. Qe4 Re8 44. f5 a5 45. Qd3 Rb4+ 46. Nf4 Rf8 47. g6 Rxf4+ 48. Kxf4 Qxg6 49. Qd5+ Qf7 50. Re5 a4 51. bxa4 Ra8 52. a5 Rc8 53. Kg5 Qxd5 54. Rxd5 Rc7 55. Rb5 Kf7 56. Rb6 Rd7 57. a4 Rc7 58. a6 bxa6 59. Rxa6 Rb7 60. a5 Rc7 61. Rb6 Ra7 62. a6 Kf8 63. Rb8+ 1-0

[Event "Mecklenburg VP LL 0910"]
[Site "Mecklenburg VP"]
[Date "2009.12.13"]
[Round "4.3"]
[White "Wolke, Heiko"]
[Black "Pruesse, Horst"]
[Result "0-1"]
[WhiteElo "1978"]
[BlackElo "1953"]
[PlyCount "84"]
[EventDate "2009.10.18"]
[EventType "team-tourn"]
[EventRounds "9"]
[EventCountry "GER"]
[SourceTitle "EXT 2016"]
[Source "ChessBase"]
[SourceDate "2015.10.08"]
[SourceVersion "1"]
[SourceVersionDate "2015.10.08"]
[SourceQuality "1"]
[WhiteTeam "Warnemuende SF Ostsee"]
[BlackTeam "Neubrandenburg SG Eintracht"]
[WhiteTeamCountry "GER"]
[BlackTeamCountry "GER"]

1. e4 c5 2. Nf3 a6 3. c3 Nf6 4. e5 Nd5 5. d4 cxd4 6. cxd4 d6 7. Bc4 Nb6 8. Bb3 e6 9. 0-0 Nc6 10. Nc3 dxe5 11. dxe5 Qxd1 12. Rxd1 Nd7 13. Bg5 h6 14. Bh4 g5 15. Bg3 Bg7 16. Rac1 Ndxe5 17. Nxe5 Bxe5 18. Bxe5 Nxe5 19. Na4 Nd7 20. Rc7 b5 21. Bc2 Kd8 22. Rcxd7+ Bxd7 23. Nc5 Ra7 24. Be4 Ke7 25. b4 f5 26. Bc2 Rd8 27. Re1 a5 28. a3 axb4 29. axb4 Rf8 30. h4 gxh4 31. Bb3 Rf6 32. Rd1 Bc6 33. Re1 Rg6 34. Bxe6 Rxg2+ 35. Kf1 Kd6 36. Bb3 Re7 37. Rd1+ Ke5 38. Rd8 h3 39. Rg8 Kf6 40. Rh8 Kg7 41. Rg8+ Kh7 42. Ne6 Rxg8 0-1

[Event "Rostock op"]
[Site "Rostock"]
[Date "2009.08.30"]
[Round "7"]
[White "Wolke, Heiko"]
[Black "Erich, Juergen"]
[Result "0-1"]
[WhiteElo "2012"]
[BlackElo "1873"]
[PlyCount "78"]
[EventDate "2009.08.27"]
[EventType "swiss"]
[EventRounds "7"]
[EventCountry "GER"]
[SourceTitle "CBM 132 Extra"]
[Source "ChessBase"]
[SourceDate "2009.11.03"]
[SourceVersion "1"]
[SourceVersionDate "2009.11.03"]
[SourceQuality "1"]

1. e4 c5 2. Nf3 e6 3. c3 Qa5 4. Be2 Nc6 5. 0-0 d6 6. d4 Be7 7. Nbd2 Nf6 8. a4 a6 9. e5 dxe5 10. Nxe5 Qc7 11. Ndc4 Nd5 12. Bh5 0-0 13. Bh6 Nxe5 14. Nxe5 gxh6 15. Qg4+ Bg5 16. h4 Nf6 17. Qe2 Nxh5 18. Qxh5 Bf6 19. Rae1 Bxe5 20. Rxe5 f6 21. Rxc5 Qf7 22. Qxh6 b6 23. Rc6 Qb7 24. Rd6 Qc7 25. Qf4 Qg7 26. Rxb6 e5 27. Qf3 Ra7 28. d5 Bg4 29. Qe3 Qd7 30. c4 Qxa4 31. b3 Qd7 32. f3 Bf5 33. Rd1 a5 34. c5 Rc8 35. c6 Qd6 36. g4 Rg7 37. Kh1 e4 38. gxf5 Qg3 39. Rd2 Qh3+ 0-1